Now That's What I Call Music 105 - Statistics

General Stats
  • This quiz has been taken 15 times
  • The average score is 6 of 46
Answer Stats
artist(s) Answer % Correct
The Weeknd Blinding Lights
57%
Doja Cat Say So
43%
Joel Corry Lonely
29%
Meduza, Becky Hill & Goodboys Lose Control
29%
Dua Lipa Physical
29%
Aitch, AJ Tracey & Tay keith Rain
29%
Harry Styles Adore You
14%
Lewis Capaldi Before You go
14%
Becky Hill & Shift k3Y Better off Without You
14%
Anne-Marie Birthday
14%
Mabel Boyfriend
14%
Little Mix Break Up Song
14%
Billie Eilish everything i wanted
14%
James Blunt Ft Ward Thomas Halfway
14%
Rita Ora How to Be Lonely
14%
Justib Bieber and Quavo Intentions
14%
Selena Gomez Lose You to Love Me
14%
Jonas Blue & Paloma Faith Mistakes
14%
Stormzy Ft Ed Sheeran and Burna boy Own It
14%
Endor Pump It Up
14%
Selena Gomez Rare
14%
SAINt JHN Roses
14%
Ed Sheeran Ft Cardi B and Camila Cabello South of the Border
14%
Lady Gaga Stupid Love
14%
Benee Ft Gus Dapperton Supalonely
14%
Jax Jones, Martin Solveig, Raye & Europa Tequila
14%
Sam Fischer This City
14%
Jax Jones, Ella Henderson This is Real
14%
Alicia Keys Time Machine
14%
Mr Sam Smith To Die For
14%
Louis Tomlinson Walls
14%
Jonas Brothers What a Man Gotta Do
14%
Justin Bieber Yummy
14%
JOhn Legend Conversations in the Dark
0%
Dua Lipa Don't Stuart Now
0%
Khalid & Disclosure Know Your Worth
0%
The 1975 Me and you together song
0%
Liam Gallagher Once
0%
MK & Sonny Fedora Ft Raphaella One Night
0%
Dermot Kennedy Power Over Me
0%
CamelPhat & Jem Cooke Rabbit Hole
0%
Arizona Zervas Rozanne
0%
The Script Run Through Walls
0%
Celeste Stop This Flame
0%
Matt Lucas Thank you Baked Potato
0%
Tom Grennan This is the Place
0%
No matching quizzes found
Score Distribution
Percent of People with Each Score
Percentile by Number Answered
Your Score History
You have not taken this quiz